000 00638nam a2200229Ia 4500
003 OSt
005 20221005121634.0
006 a|||||r|||| 00| 0
007 ta
008 221004b |||||||| |||| 00| 0 eng d
024 _a63337
037 _cTextual
040 _aCRL
_cCRL
_beng
041 _2eng
_aeng
082 _aV236:1:M3, A
100 _aSmyth G Carmichael, Ed.
_9275360
245 0 _aHistory of the reigning family of Lahore with some account of the Jummoo rajahs, etc.
260 _c1870
650 _aHISTORY
942 _hV236:1:M3, A
_cTEXL
_2cc
999 _c1041800
_d1041800